Παιδαγωγική επικοινωνία στην προσχολική και πρωτοσχολική εκπαίδευση
Αποθηκεύτηκε σε:
| Κύριος συγγραφέας: | |
|---|---|
| Μορφή: | Βιβλίο |
| Γλώσσα: | Greek |
| Δημοσίευση: |
Γαλάτσι :
Ατραπός,
[200?].
|
| Θέματα: | |
| Ετικέτες: |
Προσθήκη ετικέτας
Δεν υπάρχουν, Καταχωρήστε ετικέτα πρώτοι!
|
MARC
| LEADER | 00000cam a2200000 i 4500 | ||
|---|---|---|---|
| 001 | 1/12456 | ||
| 008 | 110316s2011 gr | ||| |||| ||gre|| | ||
| 020 | |a 9769604590650 | ||
| 020 | |a 9789609541411 | ||
| 035 | |l 10109795 | ||
| 040 | |a GR-MY-UA |b gre |e aacr | ||
| 041 | 0 | |a gre | |
| 082 | 7 | |a 370.19 |2 (22) | |
| 100 | 1 | |a Σταμάτης, Παναγιώτης Ι., |d 1967- | |
| 245 | 1 | 0 | |a Παιδαγωγική επικοινωνία στην προσχολική και πρωτοσχολική εκπαίδευση / |c Παναγιώτης Ι. Σταμάτης. |
| 260 | |a Γαλάτσι : |b Ατραπός, |c [200?]. | ||
| 300 | |a 416 σ. ; |c 24 εκ. | ||
| 500 | |a Το τρίτο αντίτυπο του παραρτήματος Ρόδου είναι εκδόσεις Διάδραση 2011. | ||
| 504 | |a Βιβλιογραφία: σ. 377-416. | ||
| 650 | 0 | 0 | |a Educational sociology. |
| 852 | |a INST |b RHODES |c EUDOXUS |e 20110316 |h 370.19 ΣΤΑ |p 005400032995 |q 005400032995 |t EDX |y 4 |x 20200609 | ||
| 852 | |a INST |b RHODES |c EUDOXUS |e 20121107 |h 370.19 ΣΤΑ |p 005400034730 |q 005400034730 |t EDX |y 4 |x 20200609 | ||
| 852 | |a INST |b RHODES |c EUDOXUS |e 20130527 |h 370.19 ΣΤΑ |p 005400035269 |q 005400035269 |t EDX |y 0 | ||
| 901 | |a BIBL4-2011-1 | ||
| 901 | |a BIBL4-2012-3 | ||
| 901 | |a BIBL4-2013-2 | ||
| 909 | |a Ρ |b 163461 | ||
| 909 | |a Ρ |b 176309 | ||
| 909 | |a Ρ |b 176798 | ||
| 920 | |a ΕΥΔΟΞΟΣ |b ΕΠΙΣΤΡΟΦΗ |y Ρόδος |z 2011-03 | ||
| 920 | |a ΕΥΔΟΞΟΣ |b ΕΠΙΣΤΡΟΦΗ |y Ρόδος |z 2012-11 | ||
| 920 | |a ΕΥΔΟΞΟΣ |b ΠΑΡΑΓΓΕΛΙΑ |y Ρόδος-ΤΕΠΑΕΣ |z 2013-05 | ||
| 970 | |z 2011/03 | ||